Pohľady na vedomosti o objekte práce a o systémových vzťahoch pracovnej pozície v koncepte celostnej manažérskej spôsobilosti

Princípy a metódy ohodnocovania manažérskej spôsobilosti. Vedomostné spôsobilosti, ktoré vypovedajú o úrovni manažérskej odbornej zdatnosti a pracovnej spôsobilosti. Rozvoj manažmentu ako neoddeliteľná súčasť slovenských podnikov a podnikateľskej činnosti.

Salvato in:
Dettagli Bibliografici
Autore principale: Mišúnová Hudáková, Ivana, 1976-
Altri autori: Ljudvigová, Ivana
Natura: Capitolo di libro
Lingua:slovacco
Soggetti:
Tags: Aggiungi Tag
Nessun Tag, puoi essere il primo ad aggiungerne!!

MARC

LEADER 00000nla a2200000 4500
001 0184042
005 20240502073144.7
041 0 |a slo 
044 |a SK 
245 1 0 |a Pohľady na vedomosti o objekte práce a o systémových vzťahoch pracovnej pozície v koncepte celostnej manažérskej spôsobilosti  |c Ivana Mišúnová Hudáková, Ivana Ljudvigová 
520 |a Princípy a metódy ohodnocovania manažérskej spôsobilosti. Vedomostné spôsobilosti, ktoré vypovedajú o úrovni manažérskej odbornej zdatnosti a pracovnej spôsobilosti. Rozvoj manažmentu ako neoddeliteľná súčasť slovenských podnikov a podnikateľskej činnosti. 
610 2 0 |a manažéri 
610 2 0 |a manažment celostný 
610 2 0 |a rozhodovanie manažérske 
610 2 0 |a technika riadenia 
610 2 0 |a metódy riadenia 
610 2 0 |a zručnosti 
610 2 0 |a vedomosti 
100 1 |a Mišúnová Hudáková, Ivana, 1976- 
700 1 |a Ljudvigová, Ivana